00920nam a2200265Ia 4500001000900000003000500009005001700014007000300031008004100034040001800075245011900093260003200212300003500244336002700279337002700306338002800333500002200361502009300383504002800476650002100504650002300525650001200548700005000560700004400610dia_3774CHAP20240228180956.0ta220117s2006 mx d fr 001 0 spa d cCHAPamxchpua10aSistema porcinos /ccoordinador Amilcar Renan Mejenes Quijano ; colaboradores Adán Cervantes Castillo...[et al.] aMéxico :bEl autor,c2006 a59 hojas :bgráficas, tablas 2rdacontentatextobtxt 2rdamediaasin mediobn 2rdacarrieravolumenbnc a6° año Grupo 2 aViaje de Estudios b(SAI) -- cUACh. Departamento de Ingeniería Agroindustrial, d2006 aIncluye bibliografías13aGanado porcino 13aMonogastric cattle13aSwine 1 aMejenes Quijano, Amilcar Renánecoordinador1 aCervantes Castillo, Adánecolaborador